000 01111nam a2200217Ia 4500
001 271.772 1-CAP ge (18629)
003 IT-MiSPE
008 171229s9999||||xx |||||||||||||| ||und||
040 _aIT-MiSPE
_cIT-MiSPE
041 _aITALIANO
100 _aAA.VV.
245 0 _aEssere san Paolo oggi vivente
_bUna Congregazione che si protende in avanti: Riflessioni e Documenti dell'VIII Capitolo Generale: Ariccia, Casa Divin Maestro, 20 aprile - 20 maggio 2004
250 _a1a ed. (v)
260 _aRoma
_bCasa Gen. SSP
_c2004
300 _a237 p.
_c21 cm
501 _aEdizioni San Paolo srl - Piazza Soncino, 5 - 20092 CINISELLO BALSAMO (MI) (non commercial uses only) ® Copyright 2018
650 _aCAPITOLO Generale VIII SSP
942 _cBK
957 _71
999 _a5029
_bNO
_g Copie: 1
_c347907
_d347907